| 000 | 00527nam a2200181Ia 4500 | ||
|---|---|---|---|
| 005 | 20260415160320.0 | ||
| 008 | 008 250505s9999 xx 000 0 eng d | ||
| 037 | _aTextual | ||
| 040 |
_aFEDL _beng _cFEDL |
||
| 041 |
_aeng _2eng |
||
| 084 |
_a371.73 RIC _qFEDL |
||
| 100 |
_aRice Emmett A _9755606 |
||
| 245 | 0 | _aBrief history of physical education | |
| 260 |
_aNew York, USA _bA S Barnes and Company _c1929 |
||
| 300 | _axxiv,288p | ||
| 942 |
_cTEXL _h371.73 RIC |
||
| 999 |
_c1321586 _d1321586 |
||